00537nam a2200169Ia 4500008004100000020001800041041000800059082001600067100002500083245004300108250000600151260003300157300001300190650002000203999001900223952012500242210716s2010 xx 000 0 und d a9788174468062 aeng a657.42 SINP aSinha, Pradip Kumar. aAccounting and costing for management. a1 aNew DelhibExcel Booksc2010 axvii,647 aAccounting(657) c205449d205449 001040708MBAaAIMITbAIMITd2010-09-13g350.00l0o657.42 SINPpMBA08015r2026-05-23 00:00:00v262.50w2021-07-16yBK